000 00370 a2200097 4500
245 0 0 _aTranzystory - Pomiar napięć przebicia U(BR)CEO, U(BR)CES, U(BR)CEX metodą impulsową PN-74/T-01504 ark. 07 /
_cMin. Przem. Maszynowego.
246 1 3 _aPN-74/T-01504 ark. 07
246 1 3 _a621.382.3
260 _aWarszawa :
_bMin. Przem. Maszynowego,
_c1974.
300 _a2 stron ;
_c30 cm.
650 _aPolska norma
999 _c20342
_d20342